00304nam a2200109Ia 4500008004100000040001600041041001200057082001700069100002200086245007600108300001000184230917s9999||||xx |||||||||||||| ||und|| e92867aMAIN aEnglish a617.96 B227S aBansal, Meenakshi 0aStudy of pre-emptive analgesia with piroxicam min diagnostic laproscopy a68 p.